000 00356nam a22001337a 4500
008 230623b xxu||||| |||| 00| 0 eng d
020 _a0091182603
082 _24
_a330.91724
_bHM 1974
100 _ch. Myint
245 _aThe Economics of the Developing Countries
260 _aLondon
_bHutchinson & Co Publishers
_c1973
300 _a153p
942 _2ddc
_cBK
999 _c2547
_d2547